Uplatňovanie vybraných nástrojov marketingového mixu v hotelovom zariadení diplomová práca

Enregistré dans:
Détails bibliographiques
Auteur principal: Schultzová, Jana
Collectivité auteur: Obchodná fakulta EU. Katedra marketingu
Autres auteurs: Daňo, Ferdinand, 1959-
Format: Livre
Langue:slovaque
Publié: Bratislava 2011
Tags: Ajouter un tag
Pas de tags, Soyez le premier à ajouter un tag!

MARC

LEADER 00000nbm a2200000 4500
001 0131916
005 20161109101742.2
041 0 |a slo 
044 |a SK 
245 1 0 |a Uplatňovanie vybraných nástrojov marketingového mixu v hotelovom zariadení  |b diplomová práca  |c Jana Schultzová ; školiteľ: Ferdinand Daňo 
264 1 |a Bratislava  |c 2011 
300 |a 76 s. 
100 1 |a Schultzová, Jana 
700 1 |a Daňo, Ferdinand, 1959- 
710 2 |a Obchodná fakulta EU. Katedra marketingu